| 000 | 00414nam a2200157Ia 4500 | ||
|---|---|---|---|
| 008 | 240729s9999 xx 000 0 und d | ||
| 022 | _a1687-6113 | ||
| 245 | 0 | _aDermatology Research and Practice | |
| 260 | _aUnited Kingdom | ||
| 260 | _bHindawi Limited | ||
| 650 | _a Dermatology | ||
| 650 | _aMedicine | ||
| 856 | _uhttps://doaj.org/toc/687f0c9984714ed3987b3d93ec7beec3 | ||
| 942 | _2ddc | ||
| 942 | _cDOAJEJ | ||
| 999 |
_c71591 _d71591 |
||
| 945 |
_a1 _bMadushi Gamage _c1 _dMadushi Gamage |
||